000 00741nam a2200241Ia 4500
003 OSt
005 20220923214501.0
006 a|||||r|||| 00| 0
007 ta
008 220922b |||||||| |||| 00| 0 hin d
024 _a169,981
037 _cTextual
040 _aARTS
_cARTS
_bhin
041 _2hin
_ahin
082 _aO152,3NDE,KV, K0
100 _aशास्त्रीध, देवदत
245 0 _aकलाविलासिनी वासवदता
246 _aKalāvilāsinī vāsavadatā
260 _c1960
650 _aहिन्दी साहित्य
_9156264
942 _hO152,3NDE,KV, K0
_cTEXL
_2CC
999 _c324345
_d324345